| 000 | 00939cad a22002055a 4500 | ||
|---|---|---|---|
| 001 | E149186 | ||
| 008 | 100126e20091215xxk 000 0 eng d | ||
| 035 | _a(Sirsi) u149186 | ||
| 041 | 0 | _aeng | |
| 110 | 2 |
_aRegisters of Scotland _95601 |
|
| 245 | 0 | 0 |
_aMinister welcomes electronic advances that place Scotland as world leaders _h[electronic resource] |
| 260 | _c2009 | ||
| 490 |
_aRegisters of Scotland News Release _v15 December 2009 |
||
| 520 | _aAnnounces the launch of Registers of Scotland's artl service, an e-registration scheme which will allow solicitors acting for vendors and purchasers to register property purchases in just 24 hours. | ||
| 590 | _aKA | ||
| 651 | 4 |
_aScotland _y1999- |
|
| 690 | _aPROPERTY-RESIDENTIAL PROPERTY-ACQUISITION AND DISPOSAL OF RESIDENTIAL PROPERTY | ||
| 856 | 4 | 0 |
_uhttps://www.ros.gov.uk/public/news/news_releases_09.html _zView the press release free of charge at www.ros.gov.uk... |
| 942 | _n0 | ||
| 999 |
_c82084 _d82084 |
||